Managing employees' performance in conditions of Slovak economy

Význam riadenia výkonu zamestnancov. Teoretický základ výskumu. Cranfieldov projekt a základná charakteristika skúmaného súboru dát. Analýza riadenia výkonu aplikovaná v slovenských organizáciách. Analýza aplikácie vplyvu riadenia výkonu na obchodné výsledky. Zhrnutie výsledkov výskumu.

Guardado en:
Detalles Bibliográficos
Autor principal: Vaďurová, Zuzana
Otros Autores: Blštáková, Jana, 1980-
Formato: Capítulo de libro
Lenguaje:inglés
Materias:
Etiquetas: Agregar Etiqueta
Sin Etiquetas, Sea el primero en etiquetar este registro!

MARC

LEADER 00000naa$a2200000$$$4500
001 0117287
005 20240502072318.2
041 0 |a eng 
044 |a SK 
245 1 0 |a Managing employees' performance in conditions of Slovak economy  |c Zuzana Vaďurová, Jana Blštáková 
520 |a Význam riadenia výkonu zamestnancov. Teoretický základ výskumu. Cranfieldov projekt a základná charakteristika skúmaného súboru dát. Analýza riadenia výkonu aplikovaná v slovenských organizáciách. Analýza aplikácie vplyvu riadenia výkonu na obchodné výsledky. Zhrnutie výsledkov výskumu. 
610 2 0 |a výkony pracovné 
610 2 0 |a manažment 
610 2 0 |a zamestnanci 
610 2 0 |a zdroje ľudské 
610 2 0 |a produktivita 
610 2 0 |a motivácia pracovná 
610 2 0 |a odmeňovanie 
610 2 0 |a riadenie personálne 
100 1 |a Vaďurová, Zuzana 
700 1 |a Blštáková, Jana, 1980-